| 000 | 01402nam0a2200349 4500 | ||
|---|---|---|---|
| 001 | RU\NLR\BIBL_A\022626891 | ||
| 005 | 20260304165814.0 | ||
| 010 |
_a978-5-04-208866-7 _92000 |
||
| 021 |
_aRU _bКН-П-25-045362 _9КН-П-25-4407 |
||
| 035 | _a(NLR Aleph) 022626891 | ||
| 090 |
_a13555611 _c13555611 |
||
| 100 | _a20250922d2025 u y0rusy50 ca | ||
| 101 | 1 |
_arus _ceng |
|
| 102 | _aRU | ||
| 105 | _aa|||z|||000yy | ||
| 181 | 0 |
_ai3 _baxxe |
|
| 182 | 0 | _an | |
| 200 | 1 |
_aКак стать денежной ведьмой и "наколдовать" себе изобильную жизнь _fДжесси ДаСилва _g[перевод с английского В. Романовой] |
|
| 203 |
_aТекст _bвизуальный _cнепосредственный |
||
| 210 |
_aМосква _cЭксмо _d2025 |
||
| 215 |
_a475, [1] с. _cил., табл. _d21 |
||
| 225 | 1 | _aКниги о силе денег | |
| 320 | _aБиблиогр. в примеч.: с. 462-468 | ||
| 333 | _a18+ | ||
| 606 | 1 |
_aМагия денежная _2nlr_sh2 _3RU\NLR\AUTH\6601737346 |
|
| 686 | 1 | _aЭ240.03 | |
| 700 | 1 |
_aДаСилва _bД. _cписатель, бизнес консультант _gДжесси _3RU\NLR\AUTH\770287711 |
|
| 942 | _cBOOK | ||
| 980 | _aNB | ||